000 00354nam a2200145Ia 4500
005 20251222151309.0
008 251222s9999||||xx |||||||||||||| ||spa||
020 _a8478630260
082 _a946.08/T72
100 _aToquero, José Maria
245 0 _aDon Juan de Borbón, El Rey Padre
250 _a2da.ed.
264 _bPlaza & Janés
942 _cLIB
999 _c23291
_d23291